000 01143nam a2200337 c 4500
003 BLK
005 20180421000409.0
008 180411b bul|||||r ||||||| ||bul||
010 _aKNG00195467000
020 _a978-954-8665-99-5
_bиздат.: Антос
040 _aBLK
041 _aBUL
_cBUL
072 7 _2bullib
_aН8400
_xБългарска поезия Н
080 _aБългарска литература
_b821.163.2
_x-1
_z821.163.2-1
100 1 _aЧенков, Румен Левиджов
_eпърви автор
_9249200
139 _aЧенков, Румен Левиджов
_bЧ 61
245 1 0 _aНе съжалявам
_bПоезия
_cРумен Левиджов Ченков.
257 _aBGR
260 Шумен
_bАнтос
_c2016
300 _a120 с.
_c20 см
380 _aX
653 _aстихотворения
653 _aафоризми
653 _aепиграми
659 _aН
852 _aЦб 283032
856 4 _qpdf
_u
856 4 _qpdf
_u
942 _cKNG
_n0
944 _aCR
_c08.11.2016
_lф /
_kВиолета_Тройчева
944 _aED
_c03.01.2017
_lф /
_kЛюдмила_Стоянова
999 _c186472
_d186472